000 00425cam a2200157ua 4500
003 OSt
008 250108b |||||||| |||| 00| 0 eng d
041 _aeng
082 _a621.384
_bSMI/RA
100 _aSmith , Alex G .
_96862
245 _aRadio exploration of the planetary system /
260 _aNew York :
_bVan Nostrand Reinhold Company ,
_c1966.
300 _a148 ; .
700 1 _aCarr, Thomas .
_96863
942 _cBK
999 _c9838
_d9838